000 00417nam a2200181Ia 4500
001 432
005 20260306140517.0
008 260306t2019||||xx |||||||||||||| ||spa||
041 _aESP
082 _a113
_bD61
100 _aDescartes, René
_eAUT
245 0 _aEl mundo o el tratado de la luz
260 _c2019
300 _a243 páginas :
_c18 cm.
650 _aGEN
654 _aCHU
942 _cLIB
_dJUS
_fJUS
_2ddc
_n
999 _c432
_d432